[Event "ODJM B 2025"]
[Site "Willingen GER"]
[Date "2025.06.11"]
[Round "6"]
[White "Yang, Markus"]
[Black "Stülcken, Philipp"]
[Result "0-1"]
[Termination "normal"]
[Board "13"]
[WhiteElo "1706"]
[BlackElo "1780"]
[WhiteClock "00:24:40"]
[BlackClock "00:26:03"]
[PlyCount "94"]
[WhiteFideId "16206550"]
[BlackFideId "12986232"]
[EventCountry "GER"]
[EventRounds "9"]
[EventType "swiss"]
[EventDate "2025.06.07"]

1. e4 {[%clk 01:30:59]} e5 {[%clk 01:30:56]} {[%emt 00:00:05]} 2. Nf3 {[%clk
01:31:21]} {[%emt 00:00:08]} Nc6 {[%clk 01:31:21]} {[%emt 00:00:05]} 3. d4
{[%clk 01:31:15]} {[%emt 00:00:36]} exd4 {[%clk 01:31:44]} {[%emt 00:00:07]} 4.
Nxd4 {[%clk 01:31:31]} {[%emt 00:00:13]} Nf6 {[%clk 01:31:57]} {[%emt
00:00:18]} 5. Nxc6 {[%clk 01:31:13]} {[%emt 00:00:47]} bxc6 {[%clk 01:32:15]}
{[%emt 00:00:12]} 6. Bd3 {[%clk 01:31:24]} {[%emt 00:00:19]} Be7 {[%clk
01:31:09]} {[%emt 00:01:36]} 7. Nc3 {[%clk 01:31:12]} {[%emt 00:00:42]} d5
{[%clk 01:30:41]} {[%emt 00:00:59]} 8. O-O {[%clk 01:30:34]} {[%emt 00:01:07]}
d4 {[%clk 01:25:57]} {[%emt 00:05:15]} 9. Ne2 {[%clk 01:28:48]} {[%emt
00:02:15]} c5 {[%clk 01:25:39]} {[%emt 00:00:48]} 10. c3 {[%clk 01:27:10]}
{[%emt 00:02:08]} O-O {[%clk 01:18:45]} {[%emt 00:07:25]} 11. e5 {[%clk
01:22:16]} {[%emt 00:05:23]} Ng4 {[%clk 01:13:53]} {[%emt 00:05:22]} 12. Bf4
{[%clk 01:19:44]} {[%emt 00:03:02]} Bg5 {[%clk 01:12:28]} {[%emt 00:01:55]} 13.
Bg3 {[%clk 01:15:36]} {[%emt 00:04:37]} Kh8 {[%clk 01:02:09]} {[%emt 00:10:51]}
14. Qc2 {[%clk 01:04:16]} {[%emt 00:11:49]} h5 {[%clk 00:52:45]} {[%emt
00:09:54]} 15. h3 {[%clk 00:55:36]} {[%emt 00:09:10]} h4 {[%clk 00:51:32]}
{[%emt 00:01:43]} 16. Bh2 {[%clk 00:47:21]} {[%emt 00:08:44]} Nxh2 {[%clk
00:50:50]} {[%emt 00:01:13]} 17. Kxh2 {[%clk 00:47:39]} {[%emt 00:00:12]} f6
{[%clk 00:37:12]} {[%emt 00:14:08]} 18. cxd4 {[%clk 00:41:28]} {[%emt
00:06:40]} cxd4 {[%clk 00:36:43]} {[%emt 00:01:00]} 19. Qc5 {[%clk 00:40:15]}
{[%emt 00:01:43]} Qe8 {[%clk 00:20:07]} {[%emt 00:17:07]} 20. f4 {[%clk
00:37:04]} {[%emt 00:03:40]} Bh6 {[%clk 00:18:22]} {[%emt 00:02:15]} 21. Qxd4
{[%clk 00:35:16]} {[%emt 00:02:18]} Bb7 {[%clk 00:17:14]} {[%emt 00:01:38]} 22.
Qc4 {[%clk 00:24:21]} {[%emt 00:11:24]} Rd8 {[%clk 00:12:41]} {[%emt 00:05:04]}
23. Be4 {[%clk 00:20:48]} {[%emt 00:04:03]} Bxe4 {[%clk 00:10:59]} {[%emt
00:02:12]} 24. Qxe4 {[%clk 00:21:06]} {[%emt 00:00:12]} Rd2 {[%clk 00:08:57]}
{[%emt 00:02:32]} 25. e6 {[%clk 00:16:56]} {[%emt 00:04:40]} Qe7 {[%clk
00:08:54]} {[%emt 00:00:32]} 26. f5 {[%clk 00:15:48]} {[%emt 00:01:39]} Rfd8
{[%clk 00:06:39]} {[%emt 00:02:45]} 27. Nf4 {[%clk 00:14:37]} {[%emt 00:01:40]}
Bxf4+ {[%clk 00:07:04]} {[%emt 00:00:05]} 28. Rxf4 {[%clk 00:12:24]} {[%emt
00:02:44]} Rxb2 {[%clk 00:07:12]} {[%emt 00:00:22]} 29. Rxh4+ {[%clk 00:12:08]}
{[%emt 00:00:46]} Kg8 {[%clk 00:07:34]} {[%emt 00:00:08]} 30. Qf3 {[%clk
00:09:22]} {[%emt 00:03:15]} Qd6+ {[%clk 00:02:55]} {[%emt 00:05:10]} 31. Kh1
{[%clk 00:09:15]} {[%emt 00:00:37]} Rdb8 {[%clk 00:03:07]} {[%emt 00:00:18]}
32. Rg1 {[%clk 00:07:42]} {[%emt 00:02:02]} Rb1 {[%clk 00:02:07]} {[%emt
00:01:30]} 33. Qe3 {[%clk 00:05:53]} {[%emt 00:02:20]} R8b5 {[%clk 00:00:40]}
{[%emt 00:01:58]} 34. Rd4 {[%clk 00:02:13]} {[%emt 00:04:09]} Rxg1+ {[%clk
00:00:40]} {[%emt 00:00:30]} 35. Kxg1 {[%clk 00:01:57]} {[%emt 00:00:45]} Rb1+
{[%clk 00:00:54]} {[%emt 00:00:17]} 36. Kf2 {[%clk 00:02:15]} {[%emt 00:00:11]}
Rb2+ {[%clk 00:01:03]} {[%emt 00:00:22]} 37. Kf3 {[%clk 00:02:30]} {[%emt
00:00:15]} Qc6+ {[%clk 00:01:24]} {[%emt 00:00:09]} 38. Kf4 {[%clk 00:01:49]}
{[%emt 00:01:10]} Qxg2 {[%clk 00:01:22]} {[%emt 00:00:32]} 39. Rd8+ {[%clk
00:00:53]} {[%emt 00:01:26]} Kh7 {[%clk 00:01:46]} {[%emt 00:00:06]} 40. Qd3
{[%clk 00:00:32]} {[%emt 00:00:51]} Rf2+ {[%clk 00:01:15]} {[%emt 00:01:02]}
41. Ke3 {[%clk 00:30:28]} {[%emt 00:00:34]} Rf3+ {[%clk 00:31:08]} {[%emt
00:00:37]} 42. Kd4 {[%clk 00:29:18]} {[%emt 00:01:40]} Rxd3+ {[%clk 00:30:47]}
{[%emt 00:00:51]} 43. Kxd3 {[%clk 00:28:55]} {[%emt 00:00:52]} Qxh3+ {[%clk
00:31:04]} {[%emt 00:00:14]} 44. Kd2 {[%clk 00:26:54]} {[%emt 00:02:32]} Qxf5
{[%clk 00:28:54]} {[%emt 00:02:39]} 45. e7 {[%clk 00:26:34]} {[%emt 00:00:49]}
Qa5+ {[%clk 00:25:23]} {[%emt 00:04:02]} 46. Kd1 {[%clk 00:24:55]} {[%emt
00:02:08]} Qa4+ {[%clk 00:25:41]} {[%emt 00:00:12]} 47. Kc1 {[%clk 00:24:40]}
{[%emt 00:00:45]} Qa3+ {[%clk 00:26:03]} {[%emt 00:00:08]} 0-1

[Event "ODJM B 2025"]
[Site "Willingen GER"]
[Date "2025.06.11"]
[Round "6"]
[White "Kaufmann, Ben"]
[Black "Malinowsky, Celina"]
[Result "1-0"]
[Termination "normal"]
[Board "15"]
[WhiteElo "1801"]
[BlackElo "1742"]
[WhiteClock "00:12:54"]
[BlackClock "00:32:06"]
[PlyCount "87"]
[WhiteFideId "34687068"]
[BlackFideId "16266986"]
[EventCountry "GER"]
[EventRounds "9"]
[EventType "swiss"]
[EventDate "2025.06.07"]

1. e4 {[%clk 01:30:59]} {[%emt 00:00:01]} c5 {[%clk 01:30:48]} {[%emt
00:00:12]} 2. Nf3 {[%clk 01:31:25]} {[%emt 00:00:04]} e6 {[%clk 01:31:01]}
{[%emt 00:00:16]} 3. d4 {[%clk 01:31:52]} {[%emt 00:00:04]} cxd4 {[%clk
01:31:19]} {[%emt 00:00:11]} 4. Nxd4 {[%clk 01:32:17]} {[%emt 00:00:05]} a6
{[%clk 01:31:32]} {[%emt 00:00:18]} 5. Bd3 {[%clk 01:32:24]} {[%emt 00:00:23]}
Qc7 {[%clk 01:31:22]} {[%emt 00:00:39]} 6. O-O {[%clk 01:31:52]} {[%emt
00:01:02]} Nf6 {[%clk 01:30:43]} {[%emt 00:01:10]} 7. c4 {[%clk 01:30:36]}
{[%emt 00:01:45]} Be7 {[%clk 01:29:03]} {[%emt 00:02:10]} 8. Nc3 {[%clk
01:29:16]} {[%emt 00:01:51]} O-O {[%clk 01:28:21]} {[%emt 00:01:12]} 9. Be3
{[%clk 01:27:20]} {[%emt 00:02:26]} b6 {[%clk 01:26:29]} {[%emt 00:02:21]} 10.
f4 {[%clk 01:22:47]} {[%emt 00:05:03]} d6 {[%clk 01:20:46]} {[%emt 00:06:13]}
11. Qe2 {[%clk 01:12:41]} {[%emt 00:10:36]} e5 {[%clk 01:16:52]} {[%emt
00:04:25]} 12. fxe5 {[%clk 01:09:09]} {[%emt 00:04:02]} dxe5 {[%clk 01:17:06]}
{[%emt 00:00:16]} 13. Nf5 {[%clk 01:08:54]} {[%emt 00:00:44]} Bxf5 {[%clk
01:14:54]} {[%emt 00:02:43]} 14. Rxf5 {[%clk 01:08:47]} {[%emt 00:00:37]} Bc5
{[%clk 01:13:45]} {[%emt 00:01:38]} 15. Nd5 {[%clk 01:02:37]} {[%emt 00:06:40]}
Nxd5 {[%clk 01:10:37]} {[%emt 00:03:38]} 16. exd5 {[%clk 01:02:56]} {[%emt
00:00:12]} f6 {[%clk 01:08:45]} {[%emt 00:02:21]} 17. Kh1 {[%clk 00:57:04]}
{[%emt 00:06:22]} Bxe3 {[%clk 01:06:54]} {[%emt 00:02:21]} 18. Qxe3 {[%clk
00:57:27]} {[%emt 00:00:07]} Nd7 {[%clk 01:06:34]} {[%emt 00:00:50]} 19. Qg3
{[%clk 00:53:07]} {[%emt 00:04:49]} Nc5 {[%clk 01:03:53]} {[%emt 00:03:12]} 20.
Bc2 {[%clk 00:51:42]} {[%emt 00:01:55]} g6 {[%clk 00:59:37]} {[%emt 00:04:45]}
21. Raf1 {[%clk 00:47:40]} {[%emt 00:04:33]} Qg7 {[%clk 00:58:29]} {[%emt
00:01:38]} 22. R5f2 {[%clk 00:46:25]} {[%emt 00:01:45]} Rad8 {[%clk 00:57:27]}
{[%emt 00:01:32]} 23. b4 {[%clk 00:43:10]} {[%emt 00:03:46]} Nb7 {[%clk
00:57:37]} {[%emt 00:00:20]} 24. Qe3 {[%clk 00:42:18]} {[%emt 00:01:20]} Rd6
{[%clk 00:53:52]} {[%emt 00:04:16]} 25. c5 {[%clk 00:38:49]} {[%emt 00:03:59]}
bxc5 {[%clk 00:51:43]} {[%emt 00:02:39]} 26. bxc5 {[%clk 00:39:12]} {[%emt
00:00:07]} Rdd8 {[%clk 00:51:37]} {[%emt 00:00:37]} 27. Bb3 {[%clk 00:38:40]}
{[%emt 00:01:02]} Kh8 {[%clk 00:51:50]} {[%emt 00:00:17]} 28. Rd2 {[%clk
00:37:13]} {[%emt 00:01:57]} Qc7 {[%clk 00:49:50]} {[%emt 00:02:29]} 29. Rc1
{[%clk 00:36:51]} {[%emt 00:00:53]} Rfe8 {[%clk 00:48:22]} {[%emt 00:01:57]}
30. Rdd1 {[%clk 00:34:57]} {[%emt 00:02:24]} Na5 {[%clk 00:45:52]} {[%emt
00:03:00]} 31. Ba4 {[%clk 00:29:13]} {[%emt 00:06:14]} Rf8 {[%clk 00:40:38]}
{[%emt 00:05:44]} 32. d6 {[%clk 00:25:52]} {[%emt 00:03:52]} Qa7 {[%clk
00:39:52]} {[%emt 00:01:15]} 33. Qc3 {[%clk 00:23:54]} {[%emt 00:02:28]} Nb7
{[%clk 00:37:26]} {[%emt 00:02:57]} 34. d7 {[%clk 00:22:54]} {[%emt 00:01:30]}
Qb8 {[%clk 00:35:20]} {[%emt 00:02:35]} 35. c6 {[%clk 00:22:09]} {[%emt
00:01:15]} Qc7 {[%clk 00:35:38]} {[%emt 00:00:12]} 36. cxb7 {[%clk 00:21:12]}
{[%emt 00:01:29]} Qxb7 {[%clk 00:36:01]} {[%emt 00:00:06]} 37. Qc6 {[%clk
00:20:40]} {[%emt 00:01:00]} Qb2 {[%clk 00:34:35]} {[%emt 00:01:58]} 38. Qxa6
{[%clk 00:17:52]} {[%emt 00:03:18]} Qxa2 {[%clk 00:34:06]} {[%emt 00:00:57]}
39. Rc8 {[%emt 00:01:30]} Kg7 {[%clk 00:32:49]} {[%emt 00:01:45]} 40. Rxd8
{[%clk 00:15:25]} {[%emt 00:02:01]} Rxd8 {[%clk 00:33:13]} {[%emt 00:00:05]}
41. Qa5 {[%clk 00:14:22]} {[%emt 00:01:31]} Qa3 {[%clk 00:31:26]} {[%emt
00:02:20]} 42. Qxd8 {[%clk 00:13:05]} {[%emt 00:01:47]} Qxa4 {[%clk 00:31:46]}
{[%emt 00:00:09]} 43. Qe7+ {[%clk 00:13:08]} {[%emt 00:00:25]} Kh6 {[%clk
00:32:06]} {[%emt 00:00:12]} 44. d8=Q {[%clk 00:12:54]} {[%emt 00:00:45]} 1-0

[Event "ODJM B 2025"]
[Site "Willingen GER"]
[Date "2025.06.11"]
[Round "6"]
[White "Schöne, Finn"]
[Black "Schmidt, Jossip"]
[Result "0-1"]
[Termination "normal"]
[Board "16"]
[WhiteElo "1843"]
[BlackElo "1647"]
[WhiteClock "00:22:56"]
[BlackClock "00:07:22"]
[PlyCount "88"]
[WhiteFideId "34623493"]
[BlackFideId "34621148"]
[EventCountry "GER"]
[EventRounds "9"]
[EventType "swiss"]
[EventDate "2025.06.07"]

1. d4 {[%clk 01:30:58]} {[%emt 00:00:01]} d5 {[%clk 01:30:52]} {[%emt
00:00:08]} 2. Nc3 {[%clk 01:31:23]} {[%emt 00:00:05]} Nf6 {[%clk 01:31:10]}
{[%emt 00:00:11]} 3. Bf4 {[%clk 01:31:50]} {[%emt 00:00:04]} c5 {[%clk
01:31:16]} {[%emt 00:00:24]} 4. e3 {[%clk 01:32:15]} {[%emt 00:00:05]} cxd4
{[%clk 01:29:51]} {[%emt 00:01:56]} 5. exd4 {[%clk 01:32:38]} {[%emt 00:00:07]}
a6 {[%clk 01:30:04]} {[%emt 00:00:17]} 6. Nf3 {[%clk 01:32:57]} {[%emt
00:00:10]} Nc6 {[%clk 01:30:03]} {[%emt 00:00:32]} 7. Ne5 {[%clk 01:33:19]}
{[%emt 00:00:08]} e6 {[%clk 01:28:57]} {[%emt 00:01:36]} 8. Nxc6 {[%clk
01:33:41]} {[%emt 00:00:07]} bxc6 {[%clk 01:29:09]} {[%emt 00:00:18]} 9. Na4
{[%clk 01:34:07]} {[%emt 00:00:04]} c5 {[%clk 01:26:30]} {[%emt 00:03:09]} 10.
Nxc5 {[%clk 01:34:32]} {[%emt 00:00:05]} Bxc5 {[%clk 01:26:42]} {[%emt
00:00:19]} 11. dxc5 {[%clk 01:34:57]} {[%emt 00:00:04]} Qa5+ {[%clk 01:26:43]}
{[%emt 00:00:29]} 12. c3 {[%clk 01:35:26]} Qxc5 {[%clk 01:26:49]} {[%emt
00:00:25]} 13. Be5 {[%clk 01:35:15]} {[%emt 00:00:40]} Bb7 {[%clk 01:00:40]}
{[%emt 00:26:39]} 14. Be2 {[%emt 00:12:52]} Rd8 {[%clk 00:55:59]} {[%emt
00:05:10]} 15. Qa4+ {[%clk 01:19:49]} {[%emt 00:03:36]} Ke7 {[%clk 00:54:09]}
{[%emt 00:02:21]} 16. O-O {[%clk 01:15:53]} {[%emt 00:04:24]} Rhe8 {[%clk
00:51:39]} {[%emt 00:03:01]} 17. Bd4 {[%clk 01:12:30]} {[%emt 00:03:53]} Qd6
{[%clk 00:46:44]} {[%emt 00:05:26]} 18. b4 {[%clk 01:12:40]} {[%emt 00:00:19]}
Nd7 {[%clk 00:47:12]} {[%emt 00:00:02]} 19. c4 {[%clk 00:59:56]} {[%emt
00:13:15]} e5 {[%clk 00:43:59]} {[%emt 00:03:43]} 20. c5 {[%clk 00:56:09]}
{[%emt 00:04:17]} Qg6 {[%clk 00:44:27]} {[%emt 00:00:01]} 21. Bb2 {[%clk
00:56:36]} {[%emt 00:00:03]} d4 {[%clk 00:43:52]} {[%emt 00:01:05]} 22. f3
{[%clk 00:56:19]} {[%emt 00:00:47]} d3 {[%clk 00:43:42]} {[%emt 00:00:40]} 23.
Bd1 {[%clk 00:55:40]} {[%emt 00:01:09]} Kf8 {[%clk 00:41:57]} {[%emt 00:02:15]}
24. Rc1 {[%clk 00:52:07]} {[%emt 00:04:03]} Nb8 {[%clk 00:39:38]} {[%emt
00:02:49]} 25. Qa3 {[%clk 00:46:04]} {[%emt 00:06:34]} Kg8 {[%clk 00:38:43]}
{[%emt 00:01:25]} 26. Ba4 {[%clk 00:45:52]} {[%emt 00:00:41]} d2 {[%clk
00:37:34]} {[%emt 00:01:39]} 27. Rcd1 {[%clk 00:45:58]} {[%emt 00:00:24]} Re7
{[%clk 00:36:59]} {[%emt 00:01:05]} 28. Bc3 {[%clk 00:45:50]} {[%emt 00:00:38]}
e4 {[%clk 00:27:53]} {[%emt 00:09:37]} 29. Bc2 {[%clk 00:42:41]} {[%emt
00:03:38]} Qg5 {[%clk 00:27:05]} {[%emt 00:01:19]} 30. Bxe4 {[%clk 00:42:17]}
{[%emt 00:00:53]} Bxe4 {[%clk 00:20:47]} {[%emt 00:06:50]} 31. fxe4 {[%clk
00:42:39]} {[%emt 00:00:07]} Rxe4 {[%clk 00:20:29]} {[%emt 00:00:47]} 32. Qb3
{[%clk 00:41:46]} {[%emt 00:01:25]} Re7 {[%clk 00:18:22]} {[%emt 00:02:37]} 33.
Qc4 {[%clk 00:36:13]} {[%emt 00:06:02]} Qe3+ {[%clk 00:17:10]} {[%emt
00:01:42]} 34. Kh1 {[%clk 00:36:28]} {[%emt 00:00:14]} Rd3 {[%emt 00:01:45]}
35. Bb2 {[%clk 00:36:17]} {[%emt 00:00:38]} Qe2 {[%clk 00:14:41]} {[%emt
00:01:48]} 36. Qf4 {[%clk 00:34:34]} {[%emt 00:02:12]} Nc6 {[%clk 00:14:00]}
{[%emt 00:01:11]} 37. g3 {[%clk 00:24:25]} {[%emt 00:10:39]} Qxd1 {[%clk
00:07:57]} {[%emt 00:06:33]} 38. Rxd1 {[%clk 00:24:46]} {[%emt 00:00:10]} Re1+
{[%clk 00:08:22]} {[%emt 00:00:06]} 39. Kg2 {[%clk 00:25:14]} {[%emt 00:00:02]}
Rxd1 {[%clk 00:08:32]} {[%emt 00:00:20]} 40. Qg4 {[%clk 00:25:36]} {[%emt
00:00:07]} Rg1+ {[%clk 00:08:17]} {[%emt 00:00:45]} 41. Kh3 {[%clk 00:24:40]}
{[%emt 00:01:26]} g6 {[%clk 00:07:25]} {[%emt 00:01:22]} 42. Qe4 {[%clk
00:23:03]} {[%emt 00:02:07]} Rd8 {[%clk 00:07:14]} {[%emt 00:00:40]} 43. Qxc6
{[%clk 00:22:51]} {[%emt 00:00:43]} d1=Q {[%clk 00:07:28]} {[%emt 00:00:16]}
44. Qf6 {[%clk 00:22:56]} {[%emt 00:00:25]} Qh5+ {[%clk 00:07:22]} {[%emt
00:00:36]} 0-1

[Event "ODJM B 2025"]
[Site "Willingen GER"]
[Date "2025.06.11"]
[Round "6"]
[White "Müller, Cosima"]
[Black "Gulamov, Elmir"]
[Result "0-1"]
[Termination "normal"]
[Board "17"]
[WhiteElo "1757"]
[BlackElo "1765"]
[WhiteClock "00:20:21"]
[BlackClock "00:14:36"]
[PlyCount "118"]
[WhiteFideId "34601490"]
[BlackFideId "34604332"]
[EventCountry "GER"]
[EventRounds "9"]
[EventType "swiss"]
[EventDate "2025.06.07"]

1. e4 {[%clk 01:30:59]} {[%emt 00:00:01]} e6 {[%clk 01:30:57]} {[%emt
00:00:03]} 2. d4 {[%clk 01:31:24]} {[%emt 00:00:04]} d5 {[%clk 01:31:24]}
{[%emt 00:00:03]} 3. Nc3 {[%clk 01:31:47]} {[%emt 00:00:07]} Nf6 {[%clk
01:31:50]} {[%emt 00:00:04]} 4. Bg5 {[%clk 01:32:08]} {[%emt 00:00:09]} Be7
{[%clk 01:32:00]} {[%emt 00:00:20]} 5. e5 {[%clk 01:32:33]} {[%emt 00:00:05]}
Nfd7 {[%clk 01:32:25]} {[%emt 00:00:05]} 6. Bxe7 {[%clk 01:32:58]} {[%emt
00:00:05]} Qxe7 {[%clk 01:32:40]} {[%emt 00:00:16]} 7. f4 {[%clk 01:32:50]}
{[%emt 00:00:38]} a6 {[%clk 01:32:20]} {[%emt 00:00:50]} 8. Nf3 {[%clk
01:32:43]} {[%emt 00:00:36]} c5 {[%clk 01:32:06]} {[%emt 00:00:44]} 9. Qd2
{[%clk 01:31:33]} {[%emt 00:01:39]} Nc6 {[%clk 01:31:59]} {[%emt 00:00:37]} 10.
dxc5 {[%clk 01:31:42]} {[%emt 00:00:22]} Qxc5 {[%clk 01:30:24]} {[%emt
00:02:05]} 11. Bd3 {[%clk 01:24:15]} {[%emt 00:07:58]} b5 {[%clk 01:19:02]}
{[%emt 00:11:52]} 12. Ne2 {[%clk 01:09:47]} {[%emt 00:14:57]} Bb7 {[%clk
01:17:19]} {[%emt 00:02:13]} 13. c3 {[%clk 01:08:03]} {[%emt 00:02:14]} Rc8
{[%clk 01:09:35]} {[%emt 00:08:14]} 14. Ned4 {[%clk 01:04:08]} {[%emt
00:04:25]} b4 {[%clk 00:56:17]} {[%emt 00:13:48]} 15. O-O {[%clk 00:57:44]}
{[%emt 00:06:54]} bxc3 {[%clk 00:55:43]} {[%emt 00:01:05]} 16. bxc3 {[%clk
00:54:32]} {[%emt 00:03:42]} Na5 {[%clk 00:52:06]} {[%emt 00:04:07]} 17. Rac1
{[%clk 00:51:00]} {[%emt 00:04:01]} Nb6 {[%clk 00:50:14]} {[%emt 00:02:23]} 18.
Kh1 {[%clk 00:48:02]} {[%emt 00:03:27]} Nac4 {[%clk 00:50:01]} {[%emt
00:00:44]} 19. Qe2 {[%clk 00:46:41]} {[%emt 00:01:50]} g6 {[%clk 00:47:28]}
{[%emt 00:03:03]} 20. Qf2 {[%clk 00:39:46]} {[%emt 00:07:25]} Qe7 {[%clk
00:43:11]} {[%emt 00:04:47]} 21. g4 {[%clk 00:35:01]} {[%emt 00:05:15]} h5
{[%clk 00:42:32]} {[%emt 00:01:10]} 22. gxh5 {[%clk 00:25:51]} {[%emt
00:09:40]} Rxh5 {[%clk 00:42:12]} {[%emt 00:00:50]} 23. Qg3 {[%clk 00:24:29]}
{[%emt 00:01:52]} Kd7 {[%clk 00:40:36]} {[%emt 00:02:06]} 24. Rb1 {[%clk
00:18:32]} {[%emt 00:06:27]} Ba8 {[%clk 00:38:29]} {[%emt 00:02:36]} 25. Qe1
{[%clk 00:14:00]} {[%emt 00:05:01]} Na4 {[%clk 00:22:01]} {[%emt 00:16:59]} 26.
Bc2 {[%clk 00:11:13]} {[%emt 00:03:17]} Nc5 {[%clk 00:20:36]} {[%emt 00:01:56]}
27. Qe2 {[%clk 00:08:33]} {[%emt 00:03:10]} Ne4 {[%clk 00:16:35]} {[%emt
00:04:30]} 28. Ba4+ {[%clk 00:08:03]} {[%emt 00:01:00]} Kd8 {[%clk 00:16:58]}
{[%emt 00:00:07]} 29. Qe1 {[%clk 00:07:54]} {[%emt 00:00:39]} Qa3 {[%clk
00:12:25]} {[%emt 00:05:02]} 30. Bb3 {[%clk 00:07:13]} {[%emt 00:01:12]} Qa5
{[%clk 00:10:46]} {[%emt 00:02:09]} 31. Rc1 {[%clk 00:06:36]} {[%emt 00:01:07]}
Kd7 {[%clk 00:10:37]} {[%emt 00:00:39]} 32. Ng5 {[%clk 00:06:22]} {[%emt
00:00:44]} Ncd2 {[%clk 00:07:28]} {[%emt 00:03:40]} 33. Nxe4 {[%clk 00:05:52]}
{[%emt 00:01:00]} Nxe4 {[%clk 00:07:48]} {[%emt 00:00:09]} 34. c4 {[%clk
00:05:57]} {[%emt 00:00:25]} Qxe1 {[%clk 00:08:00]} {[%emt 00:00:18]} 35. Rfxe1
{[%clk 00:06:21]} {[%emt 00:00:06]} dxc4 {[%clk 00:08:11]} {[%emt 00:00:19]}
36. Ba4+ {[%clk 00:06:20]} {[%emt 00:00:31]} Ke7 {[%clk 00:08:17]} {[%emt
00:00:24]} 37. Kg1 {[%clk 00:06:14]} {[%emt 00:00:36]} Bd5 {[%clk 00:07:47]}
{[%emt 00:01:00]} 38. Nc6+ {[%clk 00:04:34]} {[%emt 00:02:10]} Bxc6 {[%clk
00:07:52]} {[%emt 00:00:26]} 39. Bxc6 {[%clk 00:04:45]} {[%emt 00:00:18]} Nd2
{[%clk 00:04:42]} {[%emt 00:03:40]} 40. Bg2 {[%clk 00:00:50]} {[%emt 00:04:24]}
Rh4 {[%clk 00:02:57]} {[%emt 00:02:15]} 41. Re2 {[%clk 00:30:00]} {[%emt
00:00:50]} c3 {[%clk 00:32:08]} {[%emt 00:01:20]} 42. Rf2 {[%clk 00:30:30]}
{[%emt 00:00:30]} Rc4 {[%emt 00:02:06]} 43. Bb7 {[%clk 00:28:25]} {[%emt
00:02:28]} a5 {[%clk 00:30:17]} {[%emt 00:00:51]} 44. Ba6 {[%clk 00:28:18]}
{[%emt 00:00:38]} Rcxf4 {[%clk 00:24:17]} {[%emt 00:06:30]} 45. Rxf4 {[%clk
00:25:51]} {[%emt 00:02:57]} Rxf4 {[%clk 00:24:03]} {[%emt 00:00:44]} 46. Rxc3
{[%clk 00:26:05]} {[%emt 00:00:15]} Ra4 {[%clk 00:15:42]} {[%emt 00:08:52]} 47.
Rc7+ {[%clk 00:24:14]} {[%emt 00:02:22]} Kf8 {[%clk 00:16:02]} {[%emt
00:00:09]} 48. Rc8+ {[%clk 00:23:15]} {[%emt 00:01:29]} Kg7 {[%clk 00:16:27]}
{[%emt 00:00:05]} 49. Rc2 {[%clk 00:23:24]} {[%emt 00:00:21]} Nf3+ {[%clk
00:16:41]} {[%emt 00:00:15]} 50. Kf2 {[%clk 00:23:36]} {[%emt 00:00:19]} Nxe5
{[%clk 00:16:54]} {[%emt 00:00:17]} 51. Bb5 {[%clk 00:23:24]} {[%emt 00:00:41]}
Ra3 {[%clk 00:16:45]} {[%emt 00:00:40]} 52. Re2 {[%clk 00:21:20]} {[%emt
00:02:33]} Nd3+ {[%clk 00:15:34]} {[%emt 00:01:42]} 53. Bxd3 {[%clk 00:20:25]}
{[%emt 00:01:25]} Rxd3 {[%clk 00:16:00]} {[%emt 00:00:05]} 54. Kg2 {[%clk
00:19:52]} {[%emt 00:01:02]} Ra3 {[%clk 00:16:10]} {[%emt 00:00:18]} 55. Kg1
{[%clk 00:19:51]} {[%emt 00:00:33]} Kf6 {[%clk 00:16:15]} {[%emt 00:00:25]} 56.
Rf2+ {[%clk 00:20:12]} {[%emt 00:00:08]} Ke7 {[%clk 00:16:34]} {[%emt
00:00:07]} 57. Rg2 {[%clk 00:20:35]} {[%emt 00:00:11]} e5 {[%clk 00:16:45]}
{[%emt 00:00:16]} 58. Kf1 {[%clk 00:20:32]} {[%emt 00:00:37]} Ke6 {[%clk
00:15:29]} {[%emt 00:01:46]} 59. Ke1 {[%clk 00:20:21]} {[%emt 00:00:40]} e4
{[%clk 00:14:36]} {[%emt 00:01:23]} 0-1